LEADER 00826nam0-22002891i-450- 001 990002541190403321 035 $a000254119 035 $aFED01000254119 035 $a(Aleph)000254119FED01 035 $a000254119 100 $a20000920d1967----km-y0itay50------ba 101 0 $aENG 200 1 $aStochastic Stability and Control$fHarold J. Kushner. 210 $aNew York$cAcademic Press$d1967. 215 $axiv, 161 p.$d24 cm 225 1 $aMathematics in science and engineering$v33 610 0 $aProbabilità, Analisi stocastica 676 $a519 700 1$aKushner,$bHarold J.$048432 801 0$aIT$bUNINA$gRICA$2UNIMARC 901 $aBK 912 $a990002541190403321 952 $aMII-A-66$b1302$fMAS 959 $aMAS 996 $aStochastic Stability and Control$9355509 997 $aUNINA DB $aING01 LEADER 01034nam a2200277 i 4500 001 991000030959707536 005 20020503112741.0 008 980324s1989 us ||| | eng 020 $a0415003393 035 $ab10014020-39ule_inst 035 $aocm00008768$9ExL 040 $aDip.to Beni Culturali$bita 082 0 $a938.9 100 1 $aPowell, Anton$0241882 245 10$aClassical Sparta :$btechniques behind her success /$cedited by Anton Powell ; with a foreword by Paul Cartledge 260 $aNorman :$bRoutledge,$c1989 300 $axiv, 196 p. ;$c23 cm. 500 $aPapers presented to the revived London Classical Society. 500 $aIncludes bibliographies and index 650 4$aSparta (Extinct city) 907 $a.b10014020$b21-09-06$c31-05-02 912 $a991000030959707536 945 $aLE001 SG VII 33$g1$i2001000188963$lle001$o-$pE0.00$q-$rl$s- $t0$u1$v0$w1$x0$y.i10017033$z31-05-02 996 $aClassical Sparta$9175610 997 $aUNISALENTO 998 $ale001$b01-01-98$cm$da $e-$feng$gus $h0$i1 LEADER 02509nas 2200457 n 450 001 990008891920403321 005 20240229084617.0 011 $a0003-0147 035 $a000889192 035 $aFED01000889192 035 $a(Aleph)000889192FED01 035 $a000889192 091 $2CNR$aP 00000737 100 $a20090724a18679999km-y0itaa50------ba 101 0 $aeng 110 $aauu-------- 200 1 $aAmerican naturalist 207 1$a1867- 210 $aLancaster$cEssex Institute 452 0$12001$a<>American naturalist 530 0 $aAmerican naturalist 675 $a502 676 $a574/.05 676 $a570 712 02$aAmerican Society of Naturalists 801 0$aIT$bACNP$c20090723 859 4 $uhttp://acnp.cib.unibo.it/cgi-ser/start/it/cnr/dc-p1.tcl?catno=353&person=false&language=ITALIANO&libr=&libr_th=unina1$zBiblioteche che possiedono il periodico 901 $aSE 912 $a990008891920403321 958 $aBiblioteca Centralizzata. Facoltà di Agraria dell'Università Federico II di Napoli$b1971-1974;1977-1984;1986-2006;$c1984;$d105(1971)-108(1974); 111(1977)-124(1984); 127(1986)-168(2006);$ePer.Ingl. 102$fFAGBC 958 $aBiblioteca. Dipartimento delle Scienze Biologiche. Sez. di Biologia Evolutiva e Comparata dell'Università Federico II$b1973-1995;$c1975;$epozzo librario$fDBEC 958 $aBiblioteca. Dipartimento Scienze Biologiche. Sezione di Genetica Biologia Generale e Molecolare. Università degli Studi Federico II$b1956-1967;$fDGBM 959 $aFAGBC 959 $aDBEC 959 $aDGBM 996 $aAmerican naturalist$9239716 997 $aUNINA AP1 8 $6866-01$aNA087 Biblioteca Centralizzata. Facoltà di Agraria dell'Università Federico II di Napoli$bPer.Ingl. 102$ev. Università, 100 Palazzo Reale, 80055 Portici (NA)$m081-2539322$m081-7760229$nit AP1 8 $6866-02$aNA134 Biblioteca. Dipartimento delle Scienze Biologiche. Sez. di Biologia Evolutiva e Comparata dell'Università Federico II$bpozzo librario$ev. Paladino 39, 80134 Napoli (NA)$m(081) 2535032$m(081) 2535032$nit AP1 8 $6866-03$aNA186 Biblioteca. Dipartimento Scienze Biologiche. Sezione di Genetica Biologia Generale e Molecolare. Università degli Studi Federico II$ev. Mezzocannone,8, Napoli (NA)$m(081) 2534610$m(081) 2535032$nit AP2 40$aacnp.cib.unibo.it$nACNP Italian Union Catalogue of Serials$uhttp://acnp.cib.unibo.it/cgi-ser/start/it/cnr/df-p.tcl?catno=353&language=ITALIANO&libr=&person=&B=1&libr_th=unina&proposto=NO